000 00731nam a2200253Ia 4500
003 OSt
005 20220918164544.0
006 a|||||r|||| 00| 0
007 ta
008 220917b |||||||| |||| 00| 0 eng d
020 _a067496196X (paper)
024 _a200,827
037 _cTextual
040 _aARTS
_cARTS
_beng
041 _2eng
_aeng
082 _aNW:(R), L9 (TTO)-;2
100 _aCavell Stanley
_914212
245 0 _aWorld viewed
_b Reflection on the ontology of film
260 _aCambridge
_bHarvard university press USA
_c1979
300 _axxv,253p
_ccm.
650 _aMOTION PICTURES; ARTS
_94029
942 _hNW:(R), L9 (TTO)-;2
_cTEXL
_2CC
999 _c125287
_d125287